000 01506cam a2200373 a 4500
001 14951252
003 NUST
005 20240417124455.0
008 070802r20072007nyu d 000 1 eng
010 _a 2007028108
020 _a0316003778 (hardcover)
020 _a9780316003773 (hardcover)
035 _a(OCoLC)ocn154698247
035 _a(OCoLC)154698247
040 _aDLC
_cDLC
_dIG#
_dBTCTA
_dBAKER
_dBIB
_dUPZ
_dEHH
_dDLC
042 _alcac
050 0 0 _aPZ7.S52823
_bBl 2007
082 0 0 _a823.92
_bSHA
100 1 _aShan, Darren.
_914161
245 1 0 _aBlood beast /
_cby Darren Shan.
250 _a1st U.S. ed.
260 _aNew York :
_bLittle, Brown,
_c2007.
300 _a217 p. ;
_c22 cm.
490 0 _aThe Demonata series ;
_vbk. 5
520 _aWhen he begins experiencing alarming symptoms at the onset of the full moon, Grubbs Grady, who has so far escaped his family curse, fears that he is turning into a werewolf.
650 1 _aDemonology
_vFiction.
_912042
650 1 _aWerewolves
_vFiction.
_912823
650 1 _aHorror stories.
_914162
856 4 2 _3Contributor biographical information
_uhttp://www.loc.gov/catdir/enhancements/fy0808/2007028108-b.html
856 4 2 _3Publisher description
_uhttp://www.loc.gov/catdir/enhancements/fy0808/2007028108-d.html
906 _a7
_bcbc
_corignew
_d1
_eecip
_f20
_gy-gencatlg
942 _2ddc
_cBK
999 _c234729
_d234729